Economía de empresa y negocios (Registro nro. 36425)

Detalles MARC
000 -LEADER
fixed length control field 01271 a2200229 4500
001 - CONTROL NUMBER
control field 63940
005 - DATE AND TIME OF LATEST TRANSACTION
control field 20260521160827.0
008 - FIXED-LENGTH DATA ELEMENTS--GENERAL INFORMATION
fixed length control field 260521a1959 arg spa d
003 - CONTROL NUMBER IDENTIFIER
control field AR-UNSa-BCEJYS
040 ## - CATALOGING SOURCE
Original cataloging agency AR-UNSa-BCEJYS
Language of cataloging spa
Transcribing agency AR-UNSa-BCEJYS
080 ## - UNIVERSAL DECIMAL CLASSIFICATION NUMBER
Universal Decimal Classification number 658.15
Common auxiliary subdivision Administración financiera privada. Gestión financiera de empresas<br/>
041 ## - LANGUAGE CODE
Language code of text/sound track or separate title spa
100 1# - MAIN ENTRY--PERSONAL NAME
Personal name Colberg, Marshall R.
245 10 - TITLE STATEMENT
Title Economía de empresa y negocios
Name of part/section of a work Manual de teoría y casos prácticos
264 #1 - PRODUCTION, PUBLICATION, DISTRIBUTION, MANUFACTURE, AND COPYRIGHT NOTICE
Place of production, publication, distribution, manufacture Buenos Aires :
Name of producer, publisher, distributor, manufacturer Selección Contable
Date of production, publication, distribution, manufacture, or copyright notice 1959
300 ## - PHYSICAL DESCRIPTION
Extent xvi, 614 p.
Dimensions 23 cm.
505 ## - FORMATTED CONTENTS NOTE
Formatted contents note 1. Incertidumbre y beneficios - 2. Pronóstico económico y comercial - 3. La demanda de la producción comercial - 4. Costo y producción a corto plazo - 5. Costo de producción a largo plazo - 6. Política de precios cuando los vendedores son pocos - 7. Teoría del juego y decisiones a tomar en los negocios - 8. Diversificación de productos - 9. Discriminación de precios - 10. Empleo de hombres y máquinas - 11. Financiación de inversiones - 12. Ubicación de plantas - 13. Los impuestos y la empresa - 14. El gobierno y los grandes negocios -
590 ## - LOCAL NOTE (RLIN)
Local note niveau_biblio:m niveau_hierar:0
700 1# - ADDED ENTRY--PERSONAL NAME
Personal name Bradford, William C.
700 1# - ADDED ENTRY--PERSONAL NAME
Personal name Alt, Richard M.
942 ## - ADDED ENTRY ELEMENTS (KOHA)
Koha item type
Existencias
Withdrawn status Lost status Damaged status Not for loan Home library Current library Shelving location Date acquired Total checkouts Full call number Barcode Date last seen Price effective from Koha item type
        Biblioteca Prof. Eusebio Cleto del Rey Biblioteca Prof. Eusebio Cleto del Rey   21/05/2026   658.15 C684 L20934 21/05/2026 21/05/2026 Libro